Gandhian perspective on global interdependence, peace and role of professional social work / (Record no. 19317)

MARC details
000 -LEADER
fixed length control field 00992nam a22002417a 4500
008 - FIXED-LENGTH DATA ELEMENTS--GENERAL INFORMATION
fixed length control field 081201t xxu||||| |||| 00| 0 eng d
010 ## - LCCN (DPL NO)
LC control number ENG-91922
020 ## - INTERNATIONAL STANDARD BOOK NUMBER
International Standard Book Number 9788172734558
Terms of availability 700.00
035 ## - SYSTEM CONTROL NUMBER
System control number EN-75455
037 ## - SOURCE OF ACQUISITION
Source of stock number/acquisition DBAD / PUB
040 ## - CATALOGING SOURCE
Original cataloging agency dpl
Language of cataloging English
082 ## - DEWEY DECIMAL CLASSIFICATION NUMBER
Classification number 301.153
100 ## - MAIN ENTRY--PERSONAL NAME
Personal name Gangrade, K.D. , 1926-
245 ## - TITLE STATEMENT
Title Gandhian perspective on global interdependence, peace and role of professional social work /
Statement of responsibility, etc by K.D. Gangrade
260 ## - PUBLICATION, DISTRIBUTION, ETC. (IMPRINT)
Place of publication, distribution, etc Delhi
Name of publisher, distributor, etc Authorspress
Date of publication, distribution, etc 2008
270 ## - ADDRESS
Address E-35/103, Jawahar Park, Laxmi Nagar,
City Delhi
Postal code 110092
300 ## - PHYSICAL DESCRIPTION
Extent xii, 263p.
Dimensions 23cm (Hb)
500 ## - GENERAL NOTE
General note Incluses index
600 ## - SUBJECT ADDED ENTRY--PERSONAL NAME
Personal name Gandhi, Mahatma, 1869-1948
General subdivision Philosophy.
600 ## - SUBJECT ADDED ENTRY--PERSONAL NAME
Personal name Gandhi, Mahatma, 1869-1948
General subdivision Political and social views.
942 ## - ADDED ENTRY ELEMENTS (KOHA)
Source of classification or shelving scheme Dewey Decimal Classification
Item type English Books
Call number suffix GAN
Classification part 301.153
Holdings
Withdrawn status Lost status Source of classification or shelving scheme Damaged status Not for loan Collection code Home library Current library Date acquired Source of acquisition Cost, normal purchase price Total Checkouts Full call number Barcode Date last seen Copy number Cost, replacement price Koha item type
    Dewey Decimal Classification   Not For Loan Non-fiction D.B.Act.Division D.B.Act.Division 01/12/2008 DBAD / PUB 700.00   301.153 GAN EN-75455 01/12/2008 1 700.00 English Books

© Delhi Public Library
Hit Counter
free hit counter